ÀgilMente : (Registro nro. 37976)
[ vista simple ]
| 000 -CABECERA | |
|---|---|
| Longitud fija campo de control | 00679nam a2200217 c 4500 |
| 003 - • IDENTIFICADOR DELl NÚMERO DE CONTROL | |
| Identificador del número de control | CO-ViMGA |
| 005 - • FECHA Y HORA DE LA ÚLTIMA TRANSACCIÓN | |
| Fecha y hora de la última transacción | 20230915234538.0 |
| 008 - • CÓDIGOS DE INFORMACIÓN DE LONGITUD FIJA | |
| Códigos de información de longitud fija | 151014s2015 sp | |||| 000 0 spa |
| 040 ## - FUENTE DE LA CATALOGACIÓN | |
| Centro catalogador de origen | CO-ViMGA |
| Lengua de catalogación | spa |
| Centro transcriptor | CO-ViMGA |
| 082 04 - • NÚMERO DE LA CLASIFICACIÓN DECIMAL DEWEY | |
| Número de clasificación (R) | 153.3 |
| Número del ítem | B11a |
| 100 1# - • PUNTO DE ACCESO PRINCIPAL-NOMBRE DE PERSONA | |
| Nombre de persona | Bachrach, Estanislao |
| Fechas asociadas al nombre | 1971- |
| 245 10 - • TITULO PROPIAMENTE DICHO | |
| Título | ÀgilMente : |
| Resto del título | aprende como funciona tu cerebro para potenciar tu creatividad y vivir mejor / |
| Mención de responsabilidad, etc. | Estanislao Bachrach |
| 246 14 - • VARIANTES DE TÍTULO | |
| Título propio / Título en breve | Àgil mente |
| 300 ## - • DESCRIPCIÓN FÍSICA | |
| Extensión | 219 p. |
| Dimensiones | 19 cm |
| 490 0# - • MENCIÓN DE SERIE | |
| Mención de serie | Best seller |
| 504 ## - • NOTA DE BIBLIOGRAFÍA, ETC | |
| Nota de bibliografía, etc. | Bibliografa̕: p. [213]-219 |
| 650 17 - • PUNTO DE ACCESO ADICIONAL DE MATERIA - TÉRMINO DE MATERIA | |
| Término de materia o nombre geográfico como elemento inicial | Creatividad |
| Fuente del encabezamiento o término | embne |
| 942 ## - ENTRADA DE ELEMENTOS AGREGADOS (KOHA) | |
| Fuente de clasificaión o esquema | Dewey Decimal Classification |
| Koha [por defecto] tipo de item | LIbro |
| Perdido | Fuente de clasificación o esquema | Estado Físico | No para préstamo | Forma de adquisición | Localización permanente | Localización actual | Fecha adquisición | Préstamos totales | Renovaciones totales | Signatura completa | Código de barras | Fecha última consulta | Fecha último préstamo | Fecha del precio de reemplazo | Tipo de item de Koha |
|---|---|---|---|---|---|---|---|---|---|---|---|---|---|---|---|
| Dewey Decimal Classification | Sala Especializada Tercer Piso | Biblioteca Pública Germán Arciniegas - Villavicencio | Biblioteca Pública Germán Arciniegas - Villavicencio | 05/23/2017 | 2 | 3 | 153.3 B11a | 032181 | 07/31/2018 | 07/21/2018 | 05/23/2017 | LIbro |